MARC details
| 000 -CABECERA |
| campo de control de longitud fija |
02075cam a2200325 i 4500 |
| 001 - NÚMERO DE CONTROL |
| campo de control |
990234191670107026 |
| 003 - IDENTIFICADOR DEL NÚMERO DE CONTROL |
| campo de control |
UkOxU |
| 005 - FECHA Y HORA DE LA ÚLTIMA TRANSACCIÓN |
| campo de control |
20260512150052.0 |
| 008 - DATOS DE LONGITUD FIJA--INFORMACIÓN GENERAL |
| campo de control de longitud fija |
230215s2023 deua 000 0 eng d |
| 020 ## - NÚMERO INTERNACIONAL ESTÁNDAR DEL LIBRO |
| Número Internacional Estándar del Libro |
9798345824672 |
| Información calificativa |
paperback |
| 035 ## - NÚMERO DE CONTROL DEL SISTEMA |
| Número de control de sistema |
(UkOxU)023419167 |
| 035 ## - NÚMERO DE CONTROL DEL SISTEMA |
| Número de control de sistema |
(UkOxU)023419167BIB01 |
| 035 ## - NÚMERO DE CONTROL DEL SISTEMA |
| Número de control de sistema |
(OCoLC)1370198841 |
| 040 ## - FUENTE DE LA CATALOGACIÓN |
| Centro catalogador/agencia de origen |
YEP |
| Lengua de catalogación |
eng |
| Normas de descripción |
rda |
| Centro/agencia transcriptor |
YEP |
| Centro/agencia modificador |
OCLCF |
| -- |
UkOxU |
| 041 ## - CÓDIGO DE LENGUA |
| Código de lengua del texto/banda sonora o título independiente |
English |
| 100 ## - ENTRADA PRINCIPAL--NOMBRE DE PERSONA |
| Nombre de persona |
Clarke, Adam |
| Títulos y otros términos asociados al nombre |
(Google certified professional), |
| Término indicativo de función/relación |
author. |
| 245 10 - MENCIÓN DE TÍTULO |
| Título |
SEO 2025 |
| Resto del título |
: learn search engine optimization with smart internet marketing strategies |
| Mención de responsabilidad, etc. |
/ Adam Clarke. |
| 246 3# - FORMA VARIANTE DE TÍTULO |
| Título propio/Titulo breve |
Search engine optimization 2023 |
| 246 30 - FORMA VARIANTE DE TÍTULO |
| Título propio/Titulo breve |
Learn search engine optimization with smart internet marketing strategies |
| 250 ## - MENCIÓN DE EDICIÓN |
| Mención de edición |
Expanded & updated. |
| 264 #1 - PRODUCCIÓN, PUBLICACIÓN, DISTRIBUCIÓN, FABRICACIÓN Y COPYRIGHT |
| Producción, publicación, distribución, fabricación y copyright |
[Delaware] : |
| Nombre del de productor, editor, distribuidor, fabricante |
Simple Effectiveness Publishing, |
| Fecha de producción, publicación, distribución, fabricación o copyright |
[2025] |
| 300 ## - DESCRIPCIÓN FÍSICA |
| Extensión |
247 pages : |
| Otras características físicas |
illustrations ; |
| Dimensiones |
23 cm |
| 500 ## - NOTA GENERAL |
| Nota general |
"Free SEO checklist & video tutorials" --Cover. |
| 520 ## - SUMARIO, ETC. |
| Sumario, etc. |
SEO 2025 – Beginner to Advanced is a newly updated guide (August 2025) to search engine optimisation, covering everything from fundamentals to advanced strategies. It explains Google’s algorithms, keyword research, local SEO, link building, and how to adapt to the latest core updates (March and June 2025). The book also addresses the impact of AI tools such as ChatGPT and Google Gemini on search, showing how businesses can appear in AI results as well as traditional rankings.<br/><br/>With step-by-step checklists, case studies, and tutorials, it offers practical techniques to safeguard sites from algorithm changes, recover from penalties, and build effective links. A bonus chapter introduces pay-per-click advertising with Google Ads.<br/><br/>Positioned as one of the most comprehensive SEO handbooks available, it aims to give readers the knowledge and tools to rank highly, stay ahead of updates, and attract more customers online. |
| 650 #0 - PUNTO DE ACCESO ADICIONAL DE MATERIA--TÉRMINO DE MATERIA |
| Término de materia o nombre geográfico como elemento de entrada |
Web search engines |
| 9 (RLIN) |
7488 |
| 650 #0 - PUNTO DE ACCESO ADICIONAL DE MATERIA--TÉRMINO DE MATERIA |
| Término de materia o nombre geográfico como elemento de entrada |
Web site development |
| 9 (RLIN) |
7487 |
| 650 #0 - PUNTO DE ACCESO ADICIONAL DE MATERIA--TÉRMINO DE MATERIA |
| Término de materia o nombre geográfico como elemento de entrada |
Internet marketing |
| 9 (RLIN) |
1133 |
| 653 ## - TÉRMINO DE INDIZACIÓN--NO CONTROLADO |
| Término no controlado |
Google |
| 942 ## - ELEMENTOS DE ENTRADA AGREGADA (KOHA) |
| Fuente del sistema de clasificación o colocación |
Clasificación de Library of Congress |